000 00297nmm a2200097Ia 4500
008 220120s9999||||xx |||||||||||||||||und||
020 _a81-203-0835-2
100 _aDigit
245 0 _aUbunto 11.0.4, beta ms office proffessional, windows 7 servi
260 _aNine dot nine interactive ltd.
_bNew Delhi
999 _c139672
_d139672